[Event "Chess24 Banter Blitz Cup"]
[Site "chess24.com INT"]
[Date "2020.01.08"]
[Round "2.19"]
[White "Lenderman, Aleksandr"]
[Black "Chigaev, Maksim"]
[Result "0-1"]
[WhiteTitle "GM"]
[BlackTitle "GM"]
[WhiteElo "2648"]
[BlackElo "2644"]
[WhiteFideId "2021285"]
[BlackFideId "4108116"]
[EventDate "2019.09.25"]
[EventType "blitz"]

1. d4 Nf6 2. c4 g6 3. g3 Bg7 4. Bg2 O-O 5. Nc3 d6 6. Nf3 Nc6 7. O-O a6 8. Bf4
Rb8 9. Rc1 h6 10. c5 g5 11. Be3 Ng4 12. cxd6 Qxd6 13. Ne4 Qg6 14. Nc5 Nxe3 15.
fxe3 Rd8 16. Qb3 e6 17. Nd3 Bd7 18. Nd2 Ne7 19. Nc5 Bb5 20. Rf2 b6 21. Nd3 c5
22. Rcf1 Be8 23. dxc5 bxc5 24. Qa3 Nd5 25. Qxc5 Rbc8 26. Qa5 Nxe3 27. Ne5 Bxe5
28. Qxe5 Nxf1 29. Ne4 Qg7 30. Nf6+ Kh8 31. Rxf1 Bc6 32. Bxc6 Rxc6 33. Kg2 Rc2
34. Rd1 Rcc8 35. Rxd8+ Rxd8 36. b4 g4 37. Nxg4 Qxe5 38. Nxe5 Kg7 39. Nd3 Rd4 40.
a4 a5 41. bxa5 Rxa4 42. Kf3 Rxa5 43. Nf4 e5 44. Nd3 f5 45. e4 Kf6 46. exf5 Ra4
47. Nf2 h5 48. h3 Ra3+ 49. Kg2 Kxf5 50. g4+ hxg4 51. hxg4+ Kf4 52. g5 Rg3+ 53.
Kf1 Rxg5 54. Nh3+ Kg4 55. Nxg5 Kxg5 56. Kg1 Kg4 57. Kg2 Kf4 58. Kf2 Ke4 59. Ke2
Kf4 60. Kf2 e4 61. Ke2 e3 62. Ke1 Ke4 63. Ke2 Kd4 64. Ke1 Kc3 65. Ke2 Kd4 66.
Ke1 Ke5 67. Ke2 Ke4 68. Ke1 Kf3 69. Kf1 e2+ 0-1

[Event "Chess24 Banter Blitz Cup"]
[Site "chess24.com INT"]
[Date "2020.01.08"]
[Round "2.20"]
[White "Chigaev, Maksim"]
[Black "Lenderman, Aleksandr"]
[Result "1-0"]
[WhiteTitle "GM"]
[BlackTitle "GM"]
[WhiteElo "2644"]
[BlackElo "2648"]
[WhiteFideId "4108116"]
[BlackFideId "2021285"]
[EventDate "2019.09.25"]
[EventType "blitz"]

1. Nf3 c5 2. g3 g6 3. Bg2 Bg7 4. O-O Nc6 5. e4 d6 6. d3 Nf6 7. h3 O-O 8. Re1 Rb8
9. a4 a6 10. Nc3 Nd7 11. Be3 b5 12. axb5 axb5 13. d4 b4 14. Ne2 cxd4 15. Nexd4
Bb7 16. Nxc6 Bxc6 17. Nd4 Bb7 18. Qd2 Nc5 19. Bh6 Bxh6 20. Qxh6 Qb6 21. b3 Ra8
22. Rad1 Ra2 23. h4 Rc8 24. h5 Qd8 25. hxg6 hxg6 26. e5 Bxg2 27. Kxg2 Qf8 28.
Qh3 dxe5 29. Rh1 Kg7 30. Qh7+ Kf6 31. Nf3 Qg7 32. Qh4+ g5 33. Qg4 e6 34. Nxe5
Rxc2 35. Qd4 Ke7 36. Nc6+ Ke8 37. Qd8+ Rxd8 38. Rxd8# 1-0

[Event "Chess24 Banter Blitz Cup"]
[Site "chess24.com INT"]
[Date "2020.01.08"]
[Round "2.4"]
[White "Iturrizaga Bonelli, Eduardo"]
[Black "Nyzhnyk, Illya"]
[Result "1/2-1/2"]
[WhiteTitle "GM"]
[BlackTitle "GM"]
[WhiteElo "2629"]
[BlackElo "2665"]
[WhiteFideId "3901211"]
[BlackFideId "14118084"]
[EventDate "2019.09.25"]
[EventType "blitz"]

1. c4 c6 2. Nf3 d5 3. e3 Nf6 4. b3 g6 5. Bb2 Bg7 6. h3 O-O 7. Be2 Nbd7 8. O-O
Re8 9. d4 a6 10. Nc3 b5 11. Qc2 e6 12. Rac1 Bb7 13. Rfd1 Rc8 14. c5 Qc7 15. b4
Re7 16. a4 Ne8 17. axb5 axb5 18. Ra1 e5 19. e4 exd4 20. Nxd4 dxe4 21. Nxe4 Ndf6
22. Nd6 Rd8 23. Bf3 Nxd6 24. cxd6 Rxd6 25. Nxb5 Rxd1+ 26. Rxd1 Qb6 27. Nd6 Nd5
28. Bxg7 Kxg7 29. b5 Nf6 30. Nxb7 Qxb7 31. bxc6 Qc7 32. Qc3 g5 33. g3 h6 34. Kg2
Re5 35. Rc1 Re7 36. Qc5 Re6 37. Qc4 Re8 38. Qc3 Qd6 39. c7 Rd8 40. cxd8=Q Qxd8
41. Qc6 Qd4 42. Rd1 Qe5 43. Rd6 Ne8 44. Rxh6 f6 45. Rh5 Qe7 46. Qe4 Qxe4 47.
Bxe4 Nd6 48. Bc2 Kf7 49. h4 g4 50. Rh7+ Ke6 51. Rg7 Ne8 52. Rxg4 Kd6 53. h5 f5
54. h6 fxg4 55. h7 Nc7 56. h8=Q Nd5 57. Qh6+ Kc5 58. Qg5 Kc4 59. Qxd5+ Kxd5 60.
Bf5 Ke5 61. Bxg4 Kf6 62. f4 Ke7 63. Bf3 Kf6 1/2-1/2

[Event "Chess24 Banter Blitz Cup"]
[Site "chess24.com INT"]
[Date "2020.01.08"]
[Round "2.5"]
[White "Nyzhnyk, Illya"]
[Black "Iturrizaga Bonelli, Eduardo"]
[Result "1-0"]
[WhiteTitle "GM"]
[BlackTitle "GM"]
[WhiteElo "2665"]
[BlackElo "2629"]
[WhiteFideId "14118084"]
[BlackFideId "3901211"]
[EventDate "2019.09.25"]
[EventType "blitz"]

1. c4 c5 2. Nf3 b6 3. b3 Bb7 4. Bb2 e6 5. g3 Nf6 6. Bg2 g6 7. O-O Bg7 8. d4 O-O
9. dxc5 bxc5 10. Nc3 Qe7 11. Qd2 Rd8 12. Rfd1 d5 13. cxd5 exd5 14. Rac1 Na6 15.
e3 Rac8 16. Na4 Ne4 17. Qa5 Bxb2 18. Nxb2 Qc7 19. Qxc7 Nxc7 20. Nd2 Nxd2 21.
Rxd2 Na6 22. Rcd1 Kg7 23. Bxd5 Bxd5 24. Rxd5 Rxd5 25. Rxd5 Nb4 26. Rd7 Nxa2 27.
Rxa7 Nc1 28. Rb7 Rd8 29. Nc4 Kf6 30. Rb6+ Kg7 31. Rb5 Rd3 32. Rxc5 Nxb3 33. Rb5
Nd2 34. Ne5 Rb3 35. Rd5 Ne4 36. Rd7 Ng5 37. h4 Rb5 38. f4 Rxe5 39. fxe5 Nf3+ 40.
Kf2 Nxe5 41. Rd4 h5 42. e4 Ng4+ 43. Kf3 Kf6 44. Kf4 Ke6 45. Ra4 Kf6 46. Ra6+ Kg7
47. e5 Nh6 48. e6 fxe6 49. Rxe6 Nf7 50. Ke4 Kh7 51. Kd5 Kg7 52. Rb6 g5 53. Ke6
Kg6 54. Rb8 gxh4 55. gxh4 Nh6 56. Rf8 Ng4 57. Rg8+ Kh7 58. Rg5 Kh6 59. Kf5 Ne3+
60. Ke4 Ng4 61. Ra5 Kg6 62. Kf4 1-0

[Event "Chess24 Banter Blitz Cup"]
[Site "chess24.com INT"]
[Date "2020.01.08"]
[Round "2.7"]
[White "Nyzhnyk, Illya"]
[Black "Iturrizaga Bonelli, Eduardo"]
[Result "1-0"]
[WhiteTitle "GM"]
[BlackTitle "GM"]
[WhiteElo "2665"]
[BlackElo "2629"]
[WhiteFideId "14118084"]
[BlackFideId "3901211"]
[EventDate "2019.09.25"]
[EventType "blitz"]

1. d4 Nf6 2. c4 e6 3. Nf3 Bb4+ 4. Nbd2 O-O 5. a3 Be7 6. e4 d6 7. b3 e5 8. Bb2
exd4 9. Nxd4 Re8 10. Bd3 Nbd7 11. O-O Bf8 12. Re1 c6 13. Bc2 g6 14. Nf1 Bg7 15.
Qd2 Nc5 16. f3 a5 17. b4 axb4 18. axb4 Rxa1 19. Rxa1 Ne6 20. Rd1 Nxd4 21. Bxd4
Be6 22. Ne3 Qa8 23. Qc3 Qd8 24. Qb2 Qe7 25. b5 Nh5 26. Bxg7 Nxg7 27. bxc6 bxc6
28. Qb6 Rc8 29. Ba4 Bd7 30. Qd4 Ne8 31. c5 d5 32. exd5 cxd5 33. Nxd5 Qe6 34. Nf4 1-0

[Event "Chess24 Banter Blitz Cup"]
[Site "chess24.com INT"]
[Date "2020.01.08"]
[Round "2.9"]
[White "Nyzhnyk, Illya"]
[Black "Iturrizaga Bonelli, Eduardo"]
[Result "1-0"]
[WhiteTitle "GM"]
[BlackTitle "GM"]
[WhiteElo "2665"]
[BlackElo "2629"]
[WhiteFideId "14118084"]
[BlackFideId "3901211"]
[EventDate "2019.09.25"]
[EventType "blitz"]

1. d4 Nf6 2. Nf3 e6 3. Bf4 b6 4. e3 Bb7 5. Be2 Be7 6. O-O O-O 7. h3 c5 8. c3 d5
9. Nbd2 Nc6 10. Ne5 Nxe5 11. Bxe5 Bd6 12. f4 Rc8 13. Bd3 Ne4 14. Nxe4 dxe4 15.
Bc2 cxd4 16. exd4 f5 17. Qe1 Bxe5 18. fxe5 b5 19. a3 Bd5 20. Qe3 a5 21. Bd1 Qb6
22. Be2 b4 23. axb4 axb4 24. g3 Bc4 25. Rfc1 Rc7 26. cxb4 Bxe2 27. Rxc7 Qxc7 28.
Qxe2 Rd8 29. Rd1 Qb6 30. Qc4 h6 31. Kf2 Kh7 32. Qc5 Qa6 33. b5 Qa4 34. Rd2 Qb3
35. Qc3 Qxb5 36. b4 Ra8 37. d5 exd5 38. Qc5 Qa4 39. e6 Qb3 40. Qe3 Qxb4 41. Qf4
Rf8 42. Rxd5 Qb3 43. Rd2 Qxe6 44. h4 Qb6+ 45. Kg2 Qg6 46. Rd6 Rf6 47. Rd7 Qh5
48. Rd2 Qf7 49. Rf2 Re6 50. g4 e3 51. Re2 Qb7+ 52. Kg3 Qb5 53. Qxf5+ Qxf5 54.
gxf5 Re4 55. Kf3 Rxh4 56. Kxe3 Rh5 57. Kf4 Rg5 58. Re7 Kg8 59. Re8+ Kh7 60. Ra8
Rg1 61. Ra7 Rf1+ 62. Kg4 h5+ 63. Kg5 Rg1+ 64. Kxh5 Kg8 65. Ra8+ Kf7 66. Ra6 Rf1
67. Kg4 1-0

[Event "Chess24 Banter Blitz Cup"]
[Site "chess24.com INT"]
[Date "2020.01.08"]
[Round "2.11"]
[White "Nyzhnyk, Illya"]
[Black "Iturrizaga Bonelli, Eduardo"]
[Result "1-0"]
[WhiteTitle "GM"]
[BlackTitle "GM"]
[WhiteElo "2665"]
[BlackElo "2629"]
[WhiteFideId "14118084"]
[BlackFideId "3901211"]
[EventDate "2019.09.25"]
[EventType "blitz"]

1. e4 c5 2. Nf3 Nc6 3. Bb5 e6 4. Bxc6 bxc6 5. O-O Ne7 6. e5 Ng6 7. Re1 d5 8.
exd6 Bxd6 9. d3 O-O 10. Nbd2 f6 11. Nb3 e5 12. Be3 Qe7 13. Nfd2 f5 14. f3 Be6
15. Na5 Rac8 16. Ndc4 Bc7 17. Nxc6 Qf6 18. Nxa7 Rcd8 19. Nb5 Bb8 20. Qc1 h6 21.
Na5 e4 22. f4 exd3 23. Nc6 Rc8 24. Nxb8 Rxb8 25. Nc3 dxc2 26. Qxc2 c4 27. Rad1
Bf7 28. Bd4 Qc6 29. Qf2 Kh7 30. h4 Rfd8 31. h5 Nf8 32. Qg3 1-0

[Event "Chess24 Banter Blitz Cup"]
[Site "chess24.com INT"]
[Date "2020.01.08"]
[Round "2.12"]
[White "Iturrizaga Bonelli, Eduardo"]
[Black "Nyzhnyk, Illya"]
[Result "1/2-1/2"]
[WhiteTitle "GM"]
[BlackTitle "GM"]
[WhiteElo "2629"]
[BlackElo "2665"]
[WhiteFideId "3901211"]
[BlackFideId "14118084"]
[EventDate "2019.09.25"]
[EventType "blitz"]

1. c4 c6 2. Nf3 d5 3. e3 Nf6 4. Nc3 e6 5. Qc2 Nbd7 6. b3 Bd6 7. Bb2 O-O 8. Rg1
e5 9. cxd5 Nxd5 10. Ne4 Be7 11. g4 a5 12. a3 Re8 13. Bd3 Bf8 14. h4 g6 15. h5
Bg7 16. hxg6 hxg6 17. g5 Nf8 18. O-O-O Bf5 19. Nh4 Bxe4 20. Bxe4 Ne7 21. Rg2 Ne6
22. Rh1 Qd6 23. Nf3 Nf8 24. Rgh2 Nd7 25. d4 Nd5 26. Kb1 Re7 27. Rh7 f5 28. gxf6
N5xf6 29. Bxg6 Nxh7 30. Bxh7+ Kf8 31. Nh4 exd4 32. Ng6+ Ke8 33. Nxe7 Qxe7 34.
Bf5 Kd8 35. Rh7 Nf6 36. Rh4 Kc7 37. Bxd4 Rd8 38. Rh2 Ne8 39. Rh7 Nf6 40. Rxg7
Qxg7 41. Qc5 Nd7 42. Qxa5+ Kc8 43. Bxg7 Re8 44. Be5 Rxe5 45. Qxe5 b6 46. Qd6 Kb7
47. Bxd7 c5 48. Qc6+ Ka7 49. Qb5 Kb7 50. a4 Kc7 51. a5 Kd6 52. Qc6+ Ke5 53. axb6
c4 54. Qc5+ Ke4 55. Qxc4+ Kf3 1/2-1/2

[Event "Chess24 Banter Blitz Cup"]
[Site "chess24.com INT"]
[Date "2020.01.10"]
[Round "2.1"]
[White "Donchenko, Alexander"]
[Black "Hauge, Lars Oskar"]
[Result "1-0"]
[WhiteTitle "GM"]
[BlackTitle "IM"]
[WhiteElo "2631"]
[BlackElo "2483"]
[WhiteFideId "24603295"]
[BlackFideId "1509276"]
[EventDate "2019.09.25"]
[EventType "blitz"]

1. d4 f5 2. c4 Nf6 3. Nc3 d6 4. Bg5 Nbd7 5. Qc2 g6 6. h4 Bg7 7. e3 O-O 8. Nh3 e5
9. dxe5 dxe5 10. h5 c6 11. hxg6 hxg6 12. O-O-O Qe7 13. g4 Nc5 14. f3 Be6 15.
gxf5 Bxf5 16. e4 Be6 17. Nf2 b5 18. cxb5 cxb5 19. Bh3 Rac8 20. Kb1 Bxh3 21. Rxh3
Qe6 22. Rdh1 b4 23. Bxf6 Bxf6 24. Nd5 Bg7 25. Ng4 Nd7 26. Qh2 Nb6 27. Rh7 Rxf3
28. Rxg7+ Kxg7 29. Qh7+ Kf8 30. Qh8+ Qg8 31. Qxe5 Rf7 32. Qd6+ Kg7 33. Qe5+ Kf8
34. Ngf6 Qg7 35. Qd6+ Re7 36. Nxe7 Qf7 37. Rh8+ Kg7 38. Rh7+ Kf8 39. Rxf7+ Kxf7
40. Ned5 Rf8 41. Qe7# 1-0

[Event "Chess24 Banter Blitz Cup"]
[Site "chess24.com INT"]
[Date "2020.01.10"]
[Round "2.2"]
[White "Hauge, Lars Oskar"]
[Black "Donchenko, Alexander"]
[Result "1-0"]
[WhiteTitle "IM"]
[BlackTitle "GM"]
[WhiteElo "2483"]
[BlackElo "2631"]
[WhiteFideId "1509276"]
[BlackFideId "24603295"]
[EventDate "2019.09.25"]
[EventType "blitz"]

1. f4 d5 2. Nf3 Nf6 3. g3 g6 4. Bg2 Bg7 5. O-O c5 6. d3 Nc6 7. Qe1 d4 8. Na3 O-O
9. c4 dxc3 10. bxc3 Rb8 11. Rb1 a6 12. h3 b5 13. Nc2 Bb7 14. Qf2 Nd5 15. Bd2
Nxc3 16. Bxc3 Bxc3 17. Qxc5 Bg7 18. Kh2 Rc8 19. Qe3 Qa5 20. a3 Qa4 21. Rfc1 Rfd8
22. Ng5 Qa5 23. Nb4 Bd4 24. Nxc6 Bxe3 25. Nxa5 Rxc1 26. Rxc1 Bxc1 27. Bxb7 Bxa3
28. Nc6 Rd6 29. Ne4 Re6 30. Kg2 b4 31. Nd4 Rb6 32. Bd5 a5 33. Bb3 Bb2 34. Nc2
Bg7 35. e3 e6 36. Nc5 Rc6 37. d4 Bf8 38. Na4 Be7 39. Kf3 Kf8 40. Ke4 Bd6 41. Kd3
Rc7 42. e4 h5 43. e5 Be7 44. g4 Ke8 45. Ne3 hxg4 46. hxg4 Kd7 47. Nc4 Rc6 48.
Ncb6+ Kc7 49. Nc4 Bd8 50. Nxa5 Be7 51. Nc4 Ra6 52. Nab2 Ra8 53. Ba4 Ra6 54. Kc2
Ra7 55. Kb3 Bf8 56. Bb5 Rb7 57. Ba6 Ra7 58. Bb5 Rb7 59. Ba4 Ra7 60. d5 Ra8 61.
Ne3 Rd8 62. d6+ Rxd6 63. Nbc4 Rd5 64. Nxd5+ exd5 65. Ne3 d4 66. Nc2 Kb6 67. Nxb4
Kc5 68. Nd3+ Kd5 69. Kc2 Ke4 70. Kd2 1-0

[Event "Chess24 Banter Blitz Cup"]
[Site "chess24.com INT"]
[Date "2020.01.10"]
[Round "2.3"]
[White "Donchenko, Alexander"]
[Black "Hauge, Lars Oskar"]
[Result "1/2-1/2"]
[WhiteTitle "GM"]
[BlackTitle "IM"]
[WhiteElo "2631"]
[BlackElo "2483"]
[WhiteFideId "24603295"]
[BlackFideId "1509276"]
[EventDate "2019.09.25"]
[EventType "blitz"]

1. d4 Nf6 2. c4 g6 3. g3 Bg7 4. Bg2 O-O 5. Nc3 d6 6. Nf3 c5 7. O-O Nc6 8. dxc5
dxc5 9. Bf4 Be6 10. Ne5 Nxe5 11. Bxe5 Qb6 12. Na4 Qa5 13. Bxb7 Rad8 14. Qc2 Qb4
15. Bf3 Bd7 16. Nc3 Qxc4 17. Rfd1 h5 18. b3 Qe6 19. Bf4 Bc6 20. Bxc6 Qxc6 21.
Be5 h4 22. Rxd8 Rxd8 23. Rd1 Rxd1+ 24. Nxd1 h3 25. f3 Qd5 26. Bxf6 Bxf6 27. Qd3
Qe5 28. Kf2 Qa1 29. Qc2 Bd4+ 30. e3 Bf6 31. f4 e6 32. Kf3 Be7 33. Qe2 Qf6 34.
Nf2 Qf5 35. g4 Qd5+ 36. e4 Qd4 37. Nxh3 Qc3+ 38. Kg2 Qd4 39. Nf2 Bd6 40. e5 Be7
41. Ne4 Qd5 42. h3 Kg7 43. Kg3 a5 44. Nc3 Qd4 45. Ne4 Qd5 46. Kf3 Qd4 47. Qd2
Qa1 48. Kg2 Qb1 49. Nd6 f5 50. exf6+ Bxf6 51. Nc4 Bd4 52. Qe2 Qg1+ 53. Kf3 Qh1+
54. Kg3 Qg1+ 55. Kf3 Qh1+ 56. Qg2 Qd1+ 57. Ke4 Qe1+ 58. Kd3 Qb1+ 59. Qc2 Qf1+
60. Qe2 Qb1+ 61. Kd2 Qxa2+ 62. Ke1 Qa1+ 63. Qd1 Qc3+ 64. Ke2 Qxh3 65. Nd2 Qxg4+
66. Kd3 Qxd1 67. Kc4 Qxb3+ 68. Kxb3 Be3 69. Ka4 Bxf4 70. Kxa5 Be5 71. Kb5 Bd4
72. Nc4 g5 73. Ne5 g4 74. Nd7 g3 75. Nxc5 Kg6 76. Nxe6 g2 77. Nxd4 g1=Q 78. Nf3 1/2-1/2

[Event "Chess24 Banter Blitz Cup"]
[Site "chess24.com INT"]
[Date "2020.01.10"]
[Round "2.4"]
[White "Hauge, Lars Oskar"]
[Black "Donchenko, Alexander"]
[Result "0-1"]
[WhiteTitle "IM"]
[BlackTitle "GM"]
[WhiteElo "2483"]
[BlackElo "2631"]
[WhiteFideId "1509276"]
[BlackFideId "24603295"]
[EventDate "2019.09.25"]
[EventType "blitz"]

1. d4 d5 2. Bf4 c5 3. e3 cxd4 4. exd4 Nc6 5. c3 Bf5 6. Nf3 e6 7. Bd3 Bxd3 8.
Qxd3 Bd6 9. Bg3 Nge7 10. Nbd2 Nf5 11. O-O Nxg3 12. hxg3 O-O 13. Rfe1 Rb8 14. a4
a6 15. b4 Qc7 16. Nb3 Rbc8 17. a5 Rfe8 18. Nc5 Rcd8 19. b5 Nxa5 20. Nxb7 Nxb7
21. bxa6 Na5 22. Qb5 Nc4 23. a7 Qb6 24. Qxe8+ Rxe8 25. a8=Q Rxa8 26. Rxa8+ Bf8
27. Rea1 g6 28. R1a7 Qb2 29. Rc8 Kg7 30. Raa8 Bd6 31. Rg8+ Kf6 32. Rad8 Be7 33.
Rd7 Qxc3 34. Ne5 Qxd4 35. Rxe7 Qd1+ 36. Kh2 Qh5+ 37. Kg1 Kxe7 38. Nc6+ Kd6 39.
Nd4 Qd1+ 40. Kh2 Qxd4 41. Rd8+ Ke7 42. Rh8 Kf6 43. Kg1 Qe5 44. Re8 d4 45. Kh2 d3
46. Rb8 d2 47. Rc8 Qd5 48. Rd8 Qxd8 0-1

[Event "Chess24 Banter Blitz Cup"]
[Site "chess24.com INT"]
[Date "2020.01.10"]
[Round "2.5"]
[White "Donchenko, Alexander"]
[Black "Hauge, Lars Oskar"]
[Result "0-1"]
[WhiteTitle "GM"]
[BlackTitle "IM"]
[WhiteElo "2631"]
[BlackElo "2483"]
[WhiteFideId "24603295"]
[BlackFideId "1509276"]
[EventDate "2019.09.25"]
[EventType "blitz"]

1. d4 f5 2. c4 Nf6 3. Nc3 e6 4. Qc2 Be7 5. Bf4 d6 6. e3 O-O 7. h4 Nc6 8. O-O-O
a6 9. Nh3 Qe8 10. d5 Nb4 11. Qb3 a5 12. dxe6 Bxe6 13. Ng5 Bd7 14. c5+ d5 15. a3
Kh8 16. axb4 axb4 17. Qxb4 b6 18. Qb3 bxc5 19. Bb5 c4 20. Bxd7 Qxd7 21. Qb7 Rfb8
22. Qxc7 Qe8 23. Bd6 Bxd6 24. Nf7+ Kg8 25. Nxd6 Qe5 26. Kc2 Ne4 27. Qf7+ Kh8 28.
Qxd5 Rxb2+ 29. Kxb2 Qxc3+ 30. Kb1 Ra1# 0-1

[Event "Chess24 Banter Blitz Cup"]
[Site "chess24.com INT"]
[Date "2020.01.10"]
[Round "2.6"]
[White "Hauge, Lars Oskar"]
[Black "Donchenko, Alexander"]
[Result "1/2-1/2"]
[WhiteTitle "IM"]
[BlackTitle "GM"]
[WhiteElo "2483"]
[BlackElo "2631"]
[WhiteFideId "1509276"]
[BlackFideId "24603295"]
[EventDate "2019.09.25"]
[EventType "blitz"]

1. e4 c6 2. d4 d5 3. e5 c5 4. Nf3 Nc6 5. dxc5 e6 6. a3 Bxc5 7. b4 Bb6 8. Bd3
Nge7 9. O-O Ng6 10. Re1 f6 11. Bb2 fxe5 12. Bxg6+ hxg6 13. Bxe5 Nxe5 14. Rxe5
O-O 15. Nbd2 Qf6 16. Re1 Bd7 17. c4 g5 18. h3 Qf4 19. cxd5 exd5 20. Nf1 d4 21.
Qd2 Bxh3 22. Qxf4 Rxf4 23. Nxg5 Bg4 24. Ne4 d3 25. Nc5 Bxc5 26. bxc5 Rd8 27. f3
Bf5 28. Nd2 Ra4 29. Kf2 Rd5 30. Rec1 Bd7 31. Rc3 Ra5 32. Rb1 Raxc5 33. Rxc5 Rxc5
34. Rxb7 Rd5 35. Rxa7 Kh7 36. Ke3 Bf5 37. Rc7 Re5+ 38. Kf4 Ra5 39. Nc4 Rd5 40.
Ne3 d2 41. g4 Bg6 42. Nd1 Rd3 43. Kg3 Rxa3 44. Kf2 Ra1 45. Ke2 Ra2 46. Ke3 Be8
47. Rc3 Ra1 48. Rd3 Rxd1 49. Rxd2 Rxd2 50. Kxd2 Bc6 51. Ke2 Bd7 52. Kf2 Kg6 53.
Kg3 Kg5 54. f4+ Kf6 55. f5 Kg5 56. Kf3 Be8 57. Kg3 Bf7 58. Kf3 Bd5+ 59. Kg3 Bc6
60. f6 Bd7 61. fxg7 Be6 62. g8=Q+ Bxg8 63. Kh3 Bf7 64. Kg3 Bg6 65. Kg2 Bf7 66.
Kh2 Be6 67. Kg1 Bxg4 1/2-1/2

[Event "Chess24 Banter Blitz Cup"]
[Site "chess24.com INT"]
[Date "2020.01.10"]
[Round "2.7"]
[White "Donchenko, Alexander"]
[Black "Hauge, Lars Oskar"]
[Result "1-0"]
[WhiteTitle "GM"]
[BlackTitle "IM"]
[WhiteElo "2631"]
[BlackElo "2483"]
[WhiteFideId "24603295"]
[BlackFideId "1509276"]
[EventDate "2019.09.25"]
[EventType "blitz"]

1. d4 f5 2. c4 e6 3. Nc3 Nf6 4. Qc2 Nc6 5. e3 Be7 6. Bd3 O-O 7. a3 d6 8. Nf3 a6
9. b4 Qe8 10. Bb2 Bd7 11. d5 Ne5 12. Nxe5 dxe5 13. dxe6 Bxe6 14. Bxf5 Bxc4 15.
Ne4 b5 16. Nxf6+ Rxf6 17. Bxh7+ Kh8 18. Bd3 Bxd3 19. Qxd3 Qh5 20. Qe4 Raf8 21.
O-O Bd6 22. f4 Rh6 23. h3 exf4 24. exf4 Rg6 25. Rae1 Rg3 26. Kh2 Qh4 27. Be5
Rxa3 28. Bxd6 cxd6 29. Re3 Rxe3 30. Qxe3 Qf6 31. f5 Qe5+ 32. Qxe5 dxe5 33. g4
Rc8 34. Ra1 Rc4 35. Rxa6 Rxb4 36. Kg3 Rb3+ 37. Kh4 Kh7 38. Re6 Re3 39. Rb6 Rb3
40. Kg5 Rxh3 41. Rxb5 Re3 42. Rb7 Rf3 43. Re7 Kg8 44. Rxe5 Ra3 45. Re7 Ra6 46.
Re6 Ra4 47. Kh5 Rb4 48. g5 Rb1 49. Kg6 Rb8 50. Rd6 Rf8 51. f6 gxf6 52. gxf6 Kh8
53. Rd7 Rg8+ 54. Kh6 Ra8 55. Rh7+ Kg8 56. f7+ Kf8 57. Rh8+ Kxf7 58. Rxa8 Ke7 59.
Rh8 Kd6 60. Rh7 Kd5 61. Rg7 Ke5 62. Kg6 Kd4 63. Rf7 Kc4 64. Rf6 Kd4 65. Rf5 Ke4
66. Kg5 Kd4 67. Kg4 Ke4 68. Rf4+ Ke3 69. Kf5 Kd3 70. Re4 Kc3 71. Ke5 Kd3 72. Kd5
Kd2 73. Rd4+ Kc3 74. Ke4 Kb3 75. Ke3 Kc2 76. Ke2 Kb2 77. Rd3 Kc1 78. Ke3 Kb2 79.
Kd2 Kb1 80. Rc3 Ka2 81. Kc2 Ka1 82. Ra3# 1-0

[Event "Chess24 Banter Blitz Cup"]
[Site "chess24.com INT"]
[Date "2020.01.10"]
[Round "2.8"]
[White "Hauge, Lars Oskar"]
[Black "Donchenko, Alexander"]
[Result "1/2-1/2"]
[WhiteTitle "IM"]
[BlackTitle "GM"]
[WhiteElo "2483"]
[BlackElo "2631"]
[WhiteFideId "1509276"]
[BlackFideId "24603295"]
[EventDate "2019.09.25"]
[EventType "blitz"]

1. e4 c6 2. c4 d5 3. cxd5 cxd5 4. exd5 Nf6 5. Nc3 Nxd5 6. d4 Nc6 7. Nf3 Bg4 8.
Bc4 e6 9. O-O Be7 10. h3 Bxf3 11. Qxf3 O-O 12. Bxd5 exd5 13. Be3 Bf6 14. Nxd5
Bxd4 15. Rfd1 Bxe3 16. Qxe3 Qh4 17. Qf4 Qxf4 18. Nxf4 Rfd8 19. Kf1 Kf8 20. a3 g6
21. b4 Rac8 22. Rac1 Rxd1+ 23. Rxd1 Ne5 24. Rd5 Nc4 25. Rd7 Nxa3 26. Rxb7 a6 27.
Nd3 Nc4 28. Nc5 a5 29. Nd7+ Kg7 30. b5 Re8 31. Rc7 Nd2+ 32. Kg1 Re1+ 33. Kh2
Nf1+ 34. Kg1 Ng3+ 35. Kh2 Nf1+ 36. Kg1 Ng3+ 37. Kh2 Nf1+ 1/2-1/2

[Event "Chess24 Banter Blitz Cup"]
[Site "chess24.com INT"]
[Date "2020.01.10"]
[Round "2.9"]
[White "Donchenko, Alexander"]
[Black "Hauge, Lars Oskar"]
[Result "1-0"]
[WhiteTitle "GM"]
[BlackTitle "IM"]
[WhiteElo "2631"]
[BlackElo "2483"]
[WhiteFideId "24603295"]
[BlackFideId "1509276"]
[EventDate "2019.09.25"]
[EventType "blitz"]

1. d4 f5 2. c4 e6 3. Nc3 Nf6 4. Qc2 Be7 5. e3 d5 6. Nf3 O-O 7. Bd3 c6 8. O-O b6
9. cxd5 cxd5 10. Bd2 Bb7 11. Rfc1 Nc6 12. a3 Bd6 13. Ne2 Qe7 14. Qa4 a6 15. Rxc6
b5 16. Qc2 Bxc6 17. Qxc6 Rfc8 18. Qb6 Ne4 19. Bb4 Bxb4 20. axb4 Nd6 21. Rxa6
Rxa6 22. Qxa6 Qc7 23. h3 h6 24. Nf4 Qd7 25. Ne5 Qe7 26. Bxb5 Rc1+ 27. Kh2 Kh7
28. Bd3 Rd1 29. b5 Qc7 30. Qc6 Qe7 31. b6 Rd2 32. Ne2 Rxb2 33. Qd7 Qxd7 34. Nxd7
Nb7 35. Ba6 Nd6 36. Nc3 Kg6 37. Na4 Rb1 38. Nac5 Kf7 39. b7 Ke7 40. b8=Q Rxb8
41. Nxb8 Nf7 42. Nc6+ Kd6 43. Ne5 Ng5 44. Nf3 Nh7 45. h4 g5 46. Ne5 g4 47. Kg3
Nf6 48. Kh2 1-0

[Event "Chess24 Banter Blitz Cup"]
[Site "chess24.com INT"]
[Date "2020.01.10"]
[Round "2.10"]
[White "Hauge, Lars Oskar"]
[Black "Donchenko, Alexander"]
[Result "0-1"]
[WhiteTitle "IM"]
[BlackTitle "GM"]
[WhiteElo "2483"]
[BlackElo "2631"]
[WhiteFideId "1509276"]
[BlackFideId "24603295"]
[EventDate "2019.09.25"]
[EventType "blitz"]

1. f4 d5 2. Nf3 Nf6 3. g3 g6 4. Bg2 Bg7 5. d3 c5 6. O-O Nc6 7. Qe1 d4 8. Na3 O-O
9. c4 dxc3 10. bxc3 Rb8 11. Rb1 a6 12. Nc4 Be6 13. Nce5 Nxe5 14. Nxe5 Bd5 15.
Bxd5 Nxd5 16. Bd2 Qd6 17. Nc4 Qc7 18. Qf2 b5 19. Ne3 Qd6 20. Rbc1 Rfd8 21. Nxd5
Qxd5 22. c4 bxc4 23. Rxc4 Bd4 24. Be3 Rb2 25. a4 Qe6 26. Bxd4 Rxe2 27. Qf3 cxd4
28. Rfc1 Qe3+ 29. Qxe3 dxe3 30. Re4 e6 31. d4 Rb8 32. g4 Rbb2 33. g5 Rg2+ 34.
Kh1 Rxh2+ 35. Kg1 Rbg2+ 36. Kf1 e2+ 0-1

[Event "Chess24 Banter Blitz Cup"]
[Site "chess24.com INT"]
[Date "2020.01.10"]
[Round "2.11"]
[White "Donchenko, Alexander"]
[Black "Hauge, Lars Oskar"]
[Result "0-1"]
[WhiteTitle "GM"]
[BlackTitle "IM"]
[WhiteElo "2631"]
[BlackElo "2483"]
[WhiteFideId "24603295"]
[BlackFideId "1509276"]
[EventDate "2019.09.25"]
[EventType "blitz"]

1. d4 Nf6 2. c4 c5 3. d5 b5 4. cxb5 a6 5. bxa6 g6 6. Nc3 Bg7 7. e4 O-O 8. a7
Rxa7 9. Nf3 d6 10. Be2 Ba6 11. O-O Nbd7 12. a4 Qa8 13. Bxa6 Rxa6 14. Qc2 Rb8 15.
h3 Ne8 16. Bg5 Kf8 17. Nd2 Nc7 18. Nc4 Ne5 19. Nxe5 Bxe5 20. Bh6+ Kg8 21. f4
Bd4+ 22. Kh1 Qb7 23. Rab1 Qb4 24. f5 Ne8 25. Qd3 Ra7 26. Qf3 Nf6 27. g4 Bxc3 28.
fxg6 hxg6 29. g5 Qxe4 30. gxf6 Qxf3+ 31. Rxf3 Bxf6 32. b3 c4 33. Bd2 Rxa4 34.
bxa4 Rxb1+ 35. Kg2 Rb2 36. Rf2 Ra2 37. Kf3 Rxa4 38. Be3 c3 39. Rc2 Rb4 40. Ke2
Rb5 41. Kd3 Rxd5+ 42. Kc4 Rh5 43. h4 Rxh4+ 44. Kd3 Kg7 45. Bf2 Rh3+ 46. Be3 d5
47. Ke2 d4 0-1